Normal view
MARC view
- Psychodynamic psychotherapy.
Entry Topical Term
001 - CONTROL NUMBER
- control field: 4463
003 - CONTROL NUMBER IDENTIFIER
- control field: NUST
005 - DATE AND TIME OF LATEST TRANSACTION
- control field: 20170829123258.0
008 - FIXED-LENGTH DATA ELEMENTS
- fixed length control field: 170829|| aca||aabn | a|a d
040 ## - CATALOGING SOURCE
- Original cataloging agency: NUST
- Transcribing agency: NUST
150 ## - HEADING--TOPICAL TERM
- Topical term or geographic name entry element: Psychodynamic psychotherapy.
670 ## - SOURCE DATA FOUND
- Source citation: Work cat.: (NUST)0: Howard, Susan, 1949- 4461, Psychodynamic counselling in a nutshell /, 2006.
